|
|
|
|
| LEADER |
00000nam a2200000 a 4500 |
| 001 |
vtls008352048 |
| 003 |
SK-MaSNL |
| 005 |
20260301123308.0 |
| 008 |
250312s1974 xo slo |
| 015 |
|
|
|a SNBA1974/06-01641
|
| 035 |
|
|
|a SK01SNK19740044265
|
| 035 |
|
|
|a urn:nbn:sk:snk-am3h4y8
|
| 035 |
|
|
|a urn:nbn:sk:snk-am00cnmx
|
| 035 |
|
|
|a 3A5DC421-6B0C-4341-AA4E-4369E313B060
|
| 035 |
|
|
|a SKM000046728
|
| 040 |
|
|
|a SNK
|b slo
|c SNK
|e AACR2
|
| 041 |
1 |
|
|a slo
|h cze
|
| 044 |
|
|
|a xo
|
| 080 |
|
|
|a 577.12+613.2+612.39
|2 1981
|
| 100 |
1 |
|
|a Hejda, Stanislav,
|d 1928-1994
|4 aut
|9 179608
|
| 240 |
1 |
0 |
|a Správná výživa teoreticky a prakticky
|l Slovensky
|
| 245 |
1 |
0 |
|a Správna výživa teoretiicky a prakticky
|c Stanislav Hejda ; [z čes. orig. Správná výživa teoreticky a prakticky] prel. Ladislav Bobiš ; ilustr. Radoslav Čáslavský ; predhovor: Josef Mašek
|
| 260 |
|
|
|a Bratislava
|b Slovenské pedagogické nakladateľstvo
|c 1974
|e Bratislava
|f Pravda
|
| 300 |
|
|
|a 277, [6] s.
|c 8°
|
| 490 |
1 |
|
|a Knižnica stredoškolskej mládeže
|
| 500 |
|
|
|a Ilustr. Použ. a odporúč. lit. Pozn. Tb. Vysvetl. Fot. Grafy. Schémy. Tit. dvojlist. Vec. reg.
|
| 563 |
|
|
|a 10000 výtl.
|
| 650 |
0 |
7 |
|a výživa správna
|x teória
|x prax
|x štúdie
|2 SNK
|9 470084
|
| 655 |
|
7 |
|a príručky
|2 SNKPH
|9 74364
|
| 700 |
1 |
|
|a Bobiš, Ladislav,
|d 1922-1990
|4 trl
|9 174446
|
| 700 |
1 |
|
|a Čáslavský, Radoslav
|4 ill
|9 426338
|
| 700 |
1 |
|
|a Mašek, Josef
|4 aui
|9 384552
|
| 830 |
|
0 |
|a Knižnica stredoškolskej mládeže
|9 301396
|
| 852 |
|
|
|a Slovenská národná knižnica
|
| 958 |
|
|
|a OND
|
| 958 |
|
|
|a RK
|
| 958 |
|
|
|a TL
|
| 958 |
|
|
|a NB
|
| 958 |
|
|
|a OP
|
| 958 |
|
|
|a CZ
|
| 958 |
|
|
|a ME
|
| 999 |
|
|
|c 735713
|d 737643
|
| 952 |
|
|
|a SNK
|b SNK
|y PREZ
|7 0
|p 17A0309377
|o snkSD 44002
|i snkKSP 4408/74
|3 rekatalogizácia
|0 0
|1 0
|4 0
|d 2007-01-30
|f 1
|l 0
|r 2026-02-23 22:43:33
|w 2026-02-23
|
| 952 |
|
|
|a SNK
|b SNK
|y VYP
|7 0
|p 17A0309192
|o snkSD 44002 D1
|i snkKSP 4409/74
|3 rekatalogizácia
|0 0
|1 0
|4 0
|d 2007-01-30
|l 0
|r 2026-02-23 22:43:33
|w 2026-02-23
|